Tế bào học /

Spremljeno u:
Bibliografski detalji
Glavni autor: Nguyễn Như Hiền
Daljnji autori: Trịnh Xuân Hậu
Format: Sách giấy
Jezik:Vietnamese
Izdano: H. : Đại học Quốc gia , 2000
Teme:
Oznake: Dodaj oznaku
Bez oznaka, Budi prvi tko označuje ovaj zapis!
Thư viện lưu trữ: Thư viện Trường Đại học Đà Lạt
LEADER 00680nam a2200277 4500
001 DLU020017212
005 ##3/21/2001
020 # # |a 978- 
040 # # |a DLU 
041 # # |a vie 
082 # # |a 571.6  |b NG-H 
100 # # |a Nguyễn Như Hiền 
245 # # |a Tế bào học /  |c Nguyễn Như Hiền, Trịnh Xuân Hậu 
260 # # |a H. :  |b Đại học Quốc gia ,  |c 2000 
300 # # |a 459 tr. ;  |c 20 cm.. 
650 # # |a Tế bào học  |v Giáo trình 
700 # # |a Trịnh Xuân Hậu 
992 # # |a 17200 
994 # # |a DLU 
900 # # |a False 
911 # # |a Phan Ngọc Đông 
925 # # |a G 
926 # # |a A 
927 # # |a SH 
980 # # |a Thư viện Trường Đại học Đà Lạt